LEADER 00954nam a2200217 4500 001 000000357579 003 CaOOAMICUS 005 20240315094929.0 008 240315s1933 it 2 000 u ita r 040 $aSeMil$bita 100 1 $aDal Verme, Maria Eugenia.$0(OLS)http://semarc/name/39355 245 10$aOsservazioni sul concetto di miracolo in Hume /$cM. E. Dal Verme. 264 1$aMilano :$bVita e Pensiero,$c1933. 300 $aP. 159-163 ;$c25 cm 500 $aEstratto da: Rivista di Filosofia Neo-scolastica, Anno 25., Fascicolo 2 - Marzo 1933 650 4$aHume, David <1711-1776> - Pensiero filosofico.$0(OLS)http://semarc/subject/14456 850 $aSeMil 852 $aSeMil$W1$xVenegono$y1$m5B VI 4/8$j246791$B248755$CSeMilBibl$Z2$F248755 $81 996 $6245$aOsservazioni sul concetto di miracolo in Hume$9(OLS)http://semarc/title/447836 996 $6264$aMilano :$bVita e Pensiero$9(OLS)http://semarc/publisher/29642 LEADER 01581nam a2200301 4500 001 000000334843 003 CaOOAMICUS 005 20190911101954.0 008 190711s2010 bl 000 u por r 020 $a978-85-349-3184-7 040 $aSeMil$bita 100 1 $aCasas, Bartolomé : de las .$0(OLS)http://semarc/name/18861 240 10$aTratados de 1552.$0(OLS)http://semarc/title/424449 245 10$aLibertade e justic?a para os povos da América :$boito tratados impressos em Sevilha em 1552 /$cFrei Bartolomeu de Las Casas ; coordenac?a?o geral, introduc?o?es e notas Frei Carlos Josaphat. 264 1$aSão Paulo :$bPaulus,$c2010. 300 $a601 p. :$b1 ritr. ;$c23 cm 490 1 $aColec?a?o Frei Bartolomeu de Las Casas ;$v2 500 $aTrad. Hélio Eduardo Lucas ... [et al.] 650 4$aAmerica Latina - Colonizzazione - Storia - Sec. 16. - Chiesa cattolica.$0(OLS)http://semarc/subject/20358 700 1 $aJosaphat, Carlos.$0(OLS)http://semarc/name/109877 830 0$aFrei Bartolomeu de Las Casas ;$v2.$0(OLS)http://semarc/title/424445 850 $aSeMil 852 $aSeMil$W1$xVenegono$y1$m3E III 361$j215707$B226957$CSeMilBibl$Z2$F226957 $81 961 $aAntonelli don Mario - Omaggio 996 $6020$a978-85-349-3184-7$9(OLS)http://semarc/number/287925 996 $6245$aLibertade e justic?a para os povos da América :$boito tratados impressos em Sevilha em 1552$9(OLS)http://semarc/title/424451 996 $6264$aSão Paulo :$bPaulus$9(OLS)http://semarc/publisher/53309 LEADER 00437nab a2200145 i 4500 001 000000289447 003 CaOOAMICUS 005 20180831165427.0 008 180831n xx uu u0 0und r 013 $a44132 040 $aSeMil$bita 245 10$a[vedi periodico]. 500 $a2016/1. 773 0 $tBioetica e "Mass Media".$dRoma : Ateneo Pontificio Regina Apostolorum, 2016.$w()250459 996 $6245$a[vedi periodico]$9(OLS)http://semarc/title/309439